| 000 | 01141cam a22003375a 4500 | ||
|---|---|---|---|
| 001 | 013613693 | ||
| 003 | EG-ScBUE | ||
| 005 | 20220908095912.0 | ||
| 008 | 061124t2014 gw co f b 001 0 eng d | ||
| 020 | _a9783822830062 (cased) | ||
| 020 | _a3822830062 (cased) | ||
| 040 |
_aStDuBDS _beng _erda _cStDuBDS _dUk _dEG-ScBUE |
||
| 041 | 1 |
_aeng _hger |
|
| 082 | 0 | 4 |
_a709.0349 _bSEM _222 |
| 100 | 1 |
_aSembach, Klaus-Jürgen, _eauthor. _938269 |
|
| 245 | 1 | 0 |
_aArt nouveau : _butopia : reconciling the irreconcilable / _cKlaus-Jürgen Sembach. |
| 264 | 1 |
_aKöln : _bTaschen, _c[2014] |
|
| 264 | 4 | _cc2014 | |
| 300 |
_a240 pages : _bphotographs, portraits ; _c31 cm |
||
| 336 |
_2rdacontent _atext _btxt |
||
| 337 |
_2rdamedia _aunmediated _bn |
||
| 338 |
_2rdacarrier _avolume _bnc |
||
| 504 | _aIncludes bibliographical references and index. | ||
| 546 | _aText in English ; translated from the original German. | ||
| 650 | 7 |
_aArt nouveau. _2BUEsh _911168 |
|
| 651 | _2BUEsh | ||
| 653 |
_bCOMAME _cJune2015 _cAugust2015 |
||
| 655 |
_vReading book _934232 |
||
| 700 | 1 |
_aStokes, Charity Scott, _etranslator. |
|
| 942 |
_2ddc _k709.0349 SEM _cBB |
||
| 999 |
_c19617 _d19589 |
||